[Event "3rd ch-GER Internet Blitz Candidates"]
[Site "playchess INT"]
[Date "2005.04.02"]
[Round "8"]
[White "Seel,C"]
[Black "Zumsande,M"]
[Result "1-0"]
[WhiteElo "2477"]
[BlackElo "2381"]

1.Nf3 d5 2.d4 e6 3.c4 Nf6 4.Nc3 Be7 5.Bf4 O-O 6.e3 c5 7.dxc5 Bxc5 8.Qc2 Nc6
9.Rd1 Qa5 10.Be2 Be7 11.O-O dxc4 12.Bxc4 e5 13.Bg5 Bg4 14.Nd5 Nxd5 15.Rxd5 Qc7
16.Bxe7 Qxe7 17.Qe4 Be6 18.Rb5 a6 19.Rb6 Qc5 20.Ng5 g6 21.Qh4 h5 22.Nxe6 Qxb6
23.Qf6 fxe6 24.Qxg6+ Kh8 25.Qh6+ Kg8 26.Bxe6+ Rf7 27.Qg6+ Kh8 28.Bxf7  1-0

[Event "Weekender"]
[Site "Cork IRL"]
[Date "2005.04.03"]
[Round "6"]
[White "Quinn,M"]
[Black "Ziatdinov,R"]
[Result "0-1"]
[WhiteElo "2395"]
[BlackElo "2445"]

1.d4 d5 2.c4 e6 3.Nf3 Nf6 4.Nc3 Be7 5.Bf4 O-O 6.e3 a6 7.Rc1 Nbd7 8.cxd5 exd5
9.Bd3 Re8 10.O-O Nf8 11.h3 Ng6 12.Be5 c6 13.Nh2 Nxe5 14.dxe5 Nd7 15.f4 Bc5
16.Kh1 Bxe3 17.Bxh7+ Kf8 18.Rc2 Qh4 19.Bf5 Nf6 20.Nf3 Qh6 21.Bxc8 Nh5 22.Ne2 Raxc8
23.f5 d4 24.Qd3 c5 25.b4 cxb4 26.Rxc8 Rxc8 27.Nfxd4 Kg8 28.Rf3 Bxd4 29.Qxd4 Rc2
30.e6 Rxe2 31.Qd8+ Kh7 32.exf7 Qc1+ 33.Kh2 Re1 34.f8=N+ Kh6 35.Qd6+ Nf6 36.Qf4+ Qxf4+
37.Rxf4 a5 38.Ne6 g5 39.fxg6 Rxe6  0-1

[Event "7th Open"]
[Site "Dubai UAE"]
[Date "2005.04.05"]
[Round "2"]
[White "Kunte,A"]
[Black "Kayumov,S"]
[Result "1-0"]
[WhiteElo "2561"]
[BlackElo "2400"]

1.d4 d5 2.c4 e6 3.Nc3 Be7 4.Nf3 Nf6 5.Bf4 O-O 6.e3 Nbd7 7.c5 c6 8.h3 b6 9.b4 a5
10.a3 h6 11.Bd3 Ba6 12.O-O Qc8 13.Rb1 Bxd3 14.Qxd3 axb4 15.axb4 b5 16.Ra1 Qb7
17.Nd2 Rxa1 18.Rxa1 Ra8 19.Qb1 Bd8 20.Rxa8 Qxa8 21.Qa2 Qxa2 22.Nxa2 Ne8 23.Nb3 Bc7
24.Na5 Nb8 25.Nc1 f6 26.Nd3 Kf7 27.Kf1 Ke7 28.Ke2 Kd7 29.Kd2 Na6 30.Bxc7 Kxc7
31.Kc3 Nb8 32.Nb3 Kd7 33.f3 Ke7 34.Kc2 Nc7 35.Na5 Ne8 36.e4 Nc7 37.e5 f5
38.g4 g5 39.f4 Ne8 40.Kd2 Kf7 41.fxg5 hxg5 42.Nb7 Nc7 43.Ne1 Nca6 44.Kc3 fxg4
45.hxg4 Nc7 46.Nf3 Kg6 47.Nd8 Nd7 48.Nxc6 Nf8 49.Nd8 Nd7 50.Kb3 Nf8 51.c6 Nh7
52.Nb7 Kf7 53.Nd6+ Ke7 54.Kc3 Kd8 55.Nd2 Ke7 56.Nb1 Nf8 57.Na3 Ng6 58.Naxb5 Nxb5+
59.Nxb5 Nf4 60.Nd6 Kd8 61.b5 Kc7 62.Ne8+  1-0

[Event "7th Open"]
[Site "Dubai UAE"]
[Date "2005.04.06"]
[Round "3"]
[White "Moradiabadi,E"]
[Black "Mamedjarova,Z"]
[Result "1-0"]
[WhiteElo "2502"]
[BlackElo "2286"]

1.Nf3 Nf6 2.c4 e6 3.Nc3 d5 4.d4 Be7 5.Bf4 O-O 6.e3 c5 7.dxc5 Bxc5 8.Qc2 Qa5
9.Nd2 Bb4 10.Be2 Nbd7 11.O-O Bxc3 12.bxc3 Qc5 13.Rfd1 b6 14.e4 Bb7 15.cxd5 exd5
16.e5 Ne8 17.Bd3 h6 18.Nf3 Nc7 19.Qd2 Rfe8 20.Bxh6 Nxe5 21.Nxe5 Rxe5 22.Bf4 Ree8
23.Re1 Ne6 24.Be5 f6 25.Bd4 Qd6 26.h4 Qf4 27.Qxf4 Nxf4 28.Bf5 Ne2+ 29.Kh2 Ba6
30.h5 Nxd4 31.cxd4 Kf8 32.Bg6 Re7 33.Rxe7 Kxe7 34.Re1+ Kf8 35.g4 Rc8 36.Re6 Bb5
37.h6 gxh6 38.Rxf6+ Kg7 39.Rd6 Rc4 40.Bf5 Rxd4 41.Rg6+ Kf7 42.Rxh6 Bd3 43.Bxd3 Rxd3
44.Rh7+ Kg6 45.Rxa7 Kg5 46.Rg7+ Kf6 47.Rg8 Rd2 48.Kg3 Rxa2 49.g5+ Kf7 50.Rb8 Rb2
51.f4 d4 52.Rd8 Rd2 53.f5 d3 54.g6+ Kf6 55.Rf8+ Ke5 56.g7 Rd1 57.g8=Q Rg1+
58.Kf2  1-0

[Event "7th Open"]
[Site "Dubai UAE"]
[Date "2005.04.08"]
[Round "5"]
[White "Ibrahimov,R"]
[Black "Iordachescu,V"]
[Result "1/2-1/2"]
[WhiteElo "2511"]
[BlackElo "2609"]

1.Nf3 Nf6 2.c4 e6 3.Nc3 d5 4.d4 Be7 5.Bf4 O-O 6.e3 Nbd7 7.c5 c6 8.Bd3 b6
9.b4 a5 10.a3 Ba6 11.O-O Qc8 12.h3 Qb7 13.Rb1 axb4 14.axb4 Bxd3 15.Qxd3 Ra3
16.Qc2 Rfa8 17.Rfc1 h6 18.Nd2 Bd8 19.Nb3 bxc5 20.bxc5  1/2-1/2

[Event "Belgrade Cup"]
[Site "Belgrade SCG"]
[Date "2005.04.09"]
[Round "5"]
[White "Damjanovic,D"]
[Black "Vucinic,P"]
[Result "1-0"]
[WhiteElo "2260"]
[BlackElo "2300"]

1.d4 Nf6 2.c4 e6 3.Nc3 d5 4.Nf3 Be7 5.Bf4 c6 6.e3 O-O 7.Qc2 b6 8.a3 Bb7 9.Rd1 Nbd7
10.h3 Rc8 11.Bd3 c5 12.cxd5 exd5 13.Ne5 cxd4 14.exd4 Ne4 15.Nxd7 Qxd7 16.O-O f5
17.f3 Nxc3 18.bxc3 Bxa3 19.g4 Bd6 20.Bxf5 Rxf5 21.Bxd6 Rf7 22.Be5 Qc6 23.Rc1 Ba6
24.Rf2 Qh6 25.Re1 Qc6 26.Re3 Bc4 27.f4 a5 28.f5 a4 29.Qb2 Bb3 30.Qa3 b5 31.Rfe2 Bc4
32.Re1 h5 33.Bd6 Bb3 34.Kg2 Bc2 35.Kg3 Be4 36.Be5 Qd7 37.Kh4 hxg4 38.hxg4 Rc6
39.Kg3 Bxf5 40.gxf5 Qxf5 41.Qa2 Qg5+ 42.Kh2 Rh6+ 43.Rh3 Rxh3+ 44.Kxh3 Qh5+
45.Kg2 Qg4+ 46.Bg3 Qf3+ 47.Kh2 Rf5 48.Qg2 Qxc3 49.Re5 Rf3 50.Rg5 Rxg3 51.Qxd5+ Kf8
52.Rf5+ Ke8 53.Re5+ Kf8 54.Qd6+ Kg8 55.Qe6+  1-0

[Event "7th UI&UL GM"]
[Site "Dhaka BAN"]
[Date "2005.04.09"]
[Round "6"]
[White "Pogorelov,R"]
[Black "Islam,Kh"]
[Result "1/2-1/2"]
[WhiteElo "2448"]
[BlackElo "2312"]

1.Nf3 d5 2.d4 Nf6 3.c4 e6 4.Nc3 Be7 5.Bf4 O-O 6.e3 c5 7.dxc5 Bxc5 8.cxd5 Nxd5
9.Nxd5 exd5 10.a3 Nc6 11.Bd3 Bb6 12.O-O d4 13.e4 Bg4 14.h3 Qf6 15.hxg4 Qxf4
16.Nh2 Ne5 17.g3 Qf6 18.f4 Nxd3 19.Qxd3 Rac8 20.Rac1 Qe6 21.Kg2 Qa2 22.Rxc8 Rxc8
23.Rf2 h6 24.Nf3 Qa1 25.g5 Qc1 26.gxh6 Qe3 27.Qxe3 dxe3 28.Re2 gxh6 29.Nh4 h5
30.Nf5 Rc1 31.e5 Rd1 32.Nxe3 Bxe3 33.Rxe3 Rd2+ 34.Kf3 Rxb2 35.Ke4 a5 36.Kf5 a4
37.Rd3 Kf8 38.Rd4 Rb3 39.Kf6 Rb6+ 40.Kg5 Rb3 41.Rxa4 Rxg3+ 42.Kxh5 f6 43.exf6 Kf7
44.Kh4 Rc3 45.Kg5 Rc5+ 46.f5 Rc1 47.Rb4 Rg1+ 48.Kf4 Rf1+ 49.Ke5 Re1+ 50.Kd6 Kxf6
51.a4 Kxf5 52.Rxb7 Rd1+ 53.Kc7 Rc1+ 54.Kb8 Ra1 55.Rb5+ Ke6 56.a5 Kd7 57.Kb7 Rc1
58.Rd5+ Ke6 59.Rd8 Rb1+ 60.Ka7 Ke7 61.Rb8 Ra1 62.Rb5 Kd7 63.Kb7 Rc1 64.a6 Rc7+
65.Kb6 Rc6+ 66.Ka5 Rc1 67.a7 Kc7 68.a8=N+ Kc6 69.Rb6+ Kc5  1/2-1/2

[Event "4NCL"]
[Site "Nottingham ENG"]
[Date "2005.04.09"]
[Round "7"]
[White "Povah,N"]
[Black "Allicock,R"]
[Result "0-1"]
[WhiteElo "2377"]
[BlackElo "2292"]

1.d4 Nf6 2.c4 e6 3.Nf3 d5 4.Nc3 Be7 5.Bf4 O-O 6.e3 c5 7.dxc5 Bxc5 8.Qc2 Nc6
9.a3 Qa5 10.O-O-O Be7 11.h4 a6 12.Ng5 Rd8 13.cxd5 exd5 14.e4 Bg4 15.Rxd5 Rxd5
16.exd5 Nd4 17.Qd3 Nb5 18.Be5 Rc8 19.f3 Bh5 20.Qf5 Rc5 21.Bxb5 Bg6 22.Qf4 Qxb5
23.Bxf6 gxf6 24.Ne4 Qb3 25.Qd2 Qa2 26.Kc2 h5 27.Rc1 Rc8 28.Kd1 Qc4 29.Ne2 Qa4+
30.Ke1 Rxc1+ 31.Qxc1 Bxe4 32.fxe4 Qxe4 33.Qc8+ Kg7 34.Qxb7 Bd6 35.Kd2 Qxg2
36.Qc6 Bf4+ 37.Ke1 Be3  0-1

[Event "CES"]
[Site "Northeim GER"]
[Date "2005.04.15"]
[Round "3"]
[White "Teske,H"]
[Black "Becker,Mart"]
[Result "1-0"]
[WhiteElo "2533"]
[BlackElo "2296"]

1.d4 d5 2.Nf3 Nf6 3.c4 e6 4.Nc3 Be7 5.Bf4 O-O 6.e3 Nbd7 7.Rc1 c5 8.a3 a6
9.cxd5 Nxd5 10.Nxd5 exd5 11.dxc5 Nxc5 12.Be2 Bg4 13.O-O Ne6 14.Bg3 Qb6 15.Ne5 Bxe2
16.Qxe2 Rad8 17.Rfd1 Bf6 18.b4 Rfe8 19.Qa2 Qb5 20.h3 g6 21.Ng4 Bg7 22.Be5 Bxe5
23.Nxe5 f6 24.Nf3 a5 25.Nd4 Nxd4 26.Rxd4 axb4 27.Rxb4 Qd7 28.Qb2  1-0

[Event "German Cup"]
[Site "Baden Baden GER"]
[Date "2005.04.17"]
[Round "2"]
[White "Huebner,R"]
[Black "Vaganian,R"]
[Result "1/2-1/2"]
[WhiteElo "2624"]
[BlackElo "2631"]

1.d4 d5 2.c4 e6 3.Nc3 Be7 4.Nf3 Nf6 5.Bf4 O-O 6.e3 Nbd7 7.a3 c5 8.cxd5 Nxd5
9.Nxd5 exd5 10.dxc5 Nxc5 11.Be2 Bf6 12.Be5 Bxe5 13.Nxe5 Re8 14.Nf3 Qb6 15.Rc1 Ne6
16.Qd2 Rd8 17.Nd4 Nxd4 18.Qxd4 Qxd4 19.exd4 Be6 20.Rc7 Rdc8 21.Rxb7 Rc1+
22.Bd1 Rc4 23.O-O Rxd4 24.Bf3 a5 25.Rd1 Rc4 26.h3 Rd8 27.Rb5 a4 28.Be2 Rc2
29.Bd3 Rcc8 30.Rb4 Rb8 31.Bb5 Rdc8 32.Rdd4 Rc2 33.Bxa4 Rxb2 34.Rxb2 Rxb2
35.Rb4 Rxb4 36.axb4 Kf8 37.Kf1 d4 38.Ke2 Bc4+ 39.Kd2 Bf1 40.g3 Ke7 41.h4 h6
42.Bc2 g5 43.hxg5 hxg5 44.f3 Bb5 45.Bd3 Bc6 46.Ke2 Kd6 47.Be4 Bb5+ 48.Bd3  1/2-1/2

[Event "Open"]
[Site "Metz FRA"]
[Date "2005.04.17"]
[Round "2"]
[White "Pytel,K"]
[Black "Scheynin,J"]
[Result "1-0"]
[WhiteElo "2384"]
[BlackElo "2044"]

1.c4 e6 2.Nf3 d5 3.d4 Nf6 4.Nc3 Be7 5.Bf4 c6 6.e3 O-O 7.h3 Nbd7 8.Bd3 Re8
9.O-O Nf8 10.c5 Ng6 11.Bh2 Nd7 12.e4 b6 13.exd5 exd5 14.b4 a5 15.a3 b5 16.Re1 Ba6
17.a4 axb4 18.axb5 Bb7 19.Na2 Qa5 20.Qd2 b3 21.Qxa5 Rxa5 22.bxc6 Bxc6 23.Nb4 Ba4
24.Nxd5 Kf8 25.Nc3 Rea8 26.Rab1 Bc6 27.Rxb3 Ra3 28.Rxa3 Rxa3 29.Be4 Bxe4
30.Nxe4 f5 31.Neg5 h6 32.Ne6+ Kf7 33.Nf4 Nxf4 34.Bxf4 g5 35.Ne5+ Nxe5 36.Bxe5  1-0

[Event "ch-UKR w u20"]
[Site "Kharkiv UKR"]
[Date "2005.04.21"]
[Round "3"]
[White "Ushenina,A"]
[Black "Ostroverkhova,E"]
[Result "1-0"]
[WhiteElo "2350"]
[BlackElo "2074"]

1.d4 Nf6 2.c4 e6 3.Nc3 d5 4.Nf3 Be7 5.Bf4 O-O 6.e3 b6 7.cxd5 exd5 8.Bd3 Bb7
9.O-O c5 10.Ne5 Nc6 11.Qf3 cxd4 12.Nxc6 Bxc6 13.exd4 Qd7 14.Be5 Qg4 15.Qe3 Qe6
16.Qg3 Qg4 17.Qxg4 Nxg4 18.Bf4 g6 19.Rac1 Nf6 20.Rfe1 Nh5 21.Bh6 Rfe8 22.Nb5 Bb4
23.Rxe8+ Bxe8 24.Nc7 Rd8 25.g4 Ng7 26.Bg5 Rc8 27.Ba6 Rb8 28.Nxd5 Bd6 29.Ne7+ Kf8
30.Nc8  1-0

[Event "13th Sigeman & Co"]
[Site "Copenhagen/Malmoe DEN"]
[Date "2005.04.22"]
[Round "7"]
[White "Palo,D"]
[Black "Iordachescu,V"]
[Result "1-0"]
[WhiteElo "2525"]
[BlackElo "2609"]

1.d4 Nf6 2.c4 e6 3.Nf3 d5 4.Nc3 Be7 5.Bf4 O-O 6.e3 Nbd7 7.c5 c6 8.h3 b6 9.b4 a5
10.a3 Ne4 11.Nxe4 dxe4 12.Ne5 Nxe5 13.Bxe5 f6 14.Bg3 Qd5 15.Be2 Ba6 16.O-O axb4
17.axb4 Bxe2 18.Qxe2 b5 19.Rfb1 Rfc8 20.Qd1 Kf7 21.Rxa8 Rxa8 22.Ra1 Rxa1
23.Qxa1 h6 24.Qa7 e5 25.dxe5 fxe5 26.Qc7 Ke6 27.Qc8+ Kf7 28.Qf5+ Bf6 29.Bh4 g5
30.Bg3 Kg7 31.h4 Qd1+ 32.Kh2 Qd5 33.Kg1 Qd1+ 34.Kh2 Qd5 35.Kh3 Kf7 36.Qh7+ Bg7
37.Qf5+ Bf6 38.Qh7+ Bg7 39.hxg5 hxg5 40.Kg4 Qd1+ 41.Kxg5 Qd8+ 42.Kg4 Qd1+
43.Kh3 Qh1+ 44.Bh2  1-0

[Event "TCh-RUS w"]
[Site "Sochi RUS"]
[Date "2005.04.24"]
[Round "6"]
[White "Galliamova,A"]
[Black "Molchanova,T"]
[Result "1-0"]
[WhiteElo "2469"]
[BlackElo "2315"]

1.d4 d5 2.c4 e6 3.Nc3 Nf6 4.Nf3 Be7 5.Bf4 O-O 6.e3 b6 7.Rc1 c6 8.Bd3 Bb7
9.O-O c5 10.cxd5 Nxd5 11.Nxd5 Qxd5 12.e4 Qh5 13.b4 Nc6 14.bxc5 bxc5 15.dxc5 Rad8
16.Qb3 Ba8 17.Be2 g5 18.Be3 g4 19.Ne1 Nd4 20.Bxd4 Rxd4 21.c6 Bd6 22.g3 Rxe4
23.Ba6 Re5 24.Ng2 Bc7 25.Rfd1 Rf5 26.Rc2 Rf6 27.Nh4 Qe5 28.Bb7 Rb8 29.Qa4 h5
30.Qxa7 Qe4 31.Rb2 e5 32.Qa3 Bxb7 33.cxb7 Bb6 34.Qe7 Kg7 35.Rxb6 Rxb6 36.Qg5+ Kh7
37.Nf5 Rg6 38.Qxh5+ Kg8 39.Ne7+ Kg7 40.Nxg6 fxg6 41.Rd7+ Kf6 42.Rd6+ Kg7
43.Rd7+ Kf6 44.Qh4+ Ke6 45.Qe7+ Kf5 46.Qf7+ Kg5 47.Qd5 Qxd5 48.Rxd5 Rxb7
49.Rxe5+ Kf6 50.Re4 Kf5 51.Rf4+ Kg5 52.a4 Rb2 53.Kg2 Ra2 54.h3 gxh3+ 55.Kxh3 Kh5
56.Rh4+ Kg5 57.Kg2 Kf5 58.Rf4+ Ke5 59.Kf3 g5 60.Rb4 Kf5 61.g4+ Kg6 62.Ke3 Kg7
63.f3 Ra3+ 64.Ke4 Kg6 65.Rb6+ Kg7 66.Kf5 Rxf3+ 67.Kxg5 Ra3 68.Rb7+ Kf8 69.Ra7 Rc3
70.Kh5 Kg8 71.g5 Rc6 72.a5 Rd6 73.a6 Rb6 74.g6 Rb1 75.Rb7 Rh1+ 76.Kg4  1-0

[Event "4NCL"]
[Site "Nottingham ENG"]
[Date "2005.04.30"]
[Round "9"]
[White "Rowson,J"]
[Black "Parker,J"]
[Result "1-0"]
[WhiteElo "2572"]
[BlackElo "2537"]

1.d4 d5 2.c4 e6 3.Nc3 Be7 4.Nf3 Nf6 5.Bf4 O-O 6.e3 c5 7.dxc5 Bxc5 8.a3 Nc6
9.cxd5 Nxd5 10.Nxd5 exd5 11.Bd3 Bd6 12.Bxd6 Qxd6 13.O-O Qf6 14.b4 Bg4 15.h3 Bh5
16.g4 Bg6 17.Bxg6 hxg6 18.Ra2 Ne7 19.Kg2 Rfc8 20.Qd4 Qxd4 21.Nxd4 a5 22.bxa5 Nc6
23.Rb1 Nxa5 24.Rb5 Rd8 25.Rc2 Rd7 26.Rc3 Kf8 27.Nc2 Nc6 28.Rcb3 Rb8 29.Rc5 Ra8
30.Rcb5 Rb8 31.Rb6 Na5 32.Rc3 Ra8 33.Nb4 Nc4 34.Nxd5 Nxa3 35.e4 f5 36.Rbb3 fxe4
37.Nb6  1-0

[Event "Open A"]
[Site "Djakovo CRO"]
[Date "2005.05.02"]
[Round "2"]
[White "Saric,A"]
[Black "Ascic,P"]
[Result "1-0"]
[WhiteElo "2472"]
[BlackElo "2375"]

1.d4 d5 2.c4 e6 3.Nf3 Nf6 4.Nc3 Be7 5.Bf4 O-O 6.e3 a6 7.Qc2 dxc4 8.Bxc4 c5
9.dxc5 Bxc5 10.Rd1 Qa5 11.O-O Nc6 12.a3 Be7 13.Bd3 g6 14.Ne4 e5 15.Bh6 Rd8
16.Qb3 Be6 17.Nxf6+ Bxf6 18.Qxb7 Bd5 19.e4 Rab8 20.Qxa6 Qxa6 21.Bxa6 Bxe4
22.b4 Nd4 23.Nxd4 exd4 24.Bd3 Bxd3 25.Rxd3 Rdc8 26.Bf4 Rb6 27.g3 Kf8 28.Re1 Re6
29.Rxe6 fxe6 30.Bd6+ Ke8 31.Bc5 e5 32.f3 Kd7 33.a4 Kc6 34.Kf2 Kd5 35.Ke2 Re8
36.a5 Kc4 37.Ra3 Be7 38.a6 Bxc5 39.bxc5 Kxc5 40.a7 Ra8 41.Kd3 Kb6 42.f4 exf4
43.gxf4 Kb7 44.h4 h5 45.Ra4  1-0

[Event "Open A"]
[Site "Djakovo CRO"]
[Date "2005.05.04"]
[Round "6"]
[White "Doric,D"]
[Black "Teofilovic,V"]
[Result "1/2-1/2"]
[WhiteElo "2368"]
[BlackElo "2285"]

1.d4 e6 2.c4 d5 3.Nc3 Be7 4.Nf3 Nf6 5.Bf4 O-O 6.e3 Nbd7 7.cxd5 Nxd5 8.Nxd5 exd5
9.Be2 c6 10.O-O Nf6 11.Rb1 Bf5 12.Bd3 Bxd3 13.Qxd3 Ne4 14.Nd2 Nxd2 15.Qxd2 a5
16.a3 a4 17.Qc2 Qd7 18.Rfc1  1/2-1/2

[Event "23rd Liechtenstein Open"]
[Site "Triesen LIE"]
[Date "2005.05.05"]
[Round "7"]
[White "Horvath,Cs1"]
[Black "Peelen,P"]
[Result "1-0"]
[WhiteElo "2545"]
[BlackElo "2358"]

1.d4 Nf6 2.c4 e6 3.Nf3 d5 4.Nc3 Be7 5.Bf4 O-O 6.e3 c5 7.dxc5 Bxc5 8.Qc2 Nc6
9.Rd1 Qa5 10.Be2 dxc4 11.Bxc4 Be7 12.O-O Bd7 13.h3 Rfc8 14.Qe2 Be8 15.e4 e5
16.Bd2 Qc7 17.Nd5 Nxd5 18.Bxd5 Bf6 19.Bc3 Rab8 20.a3 Ne7 21.Nh2 Nxd5 22.exd5 Bd7
23.Ng4 Bxg4 24.Qxg4 Be7 25.f4 Bd6 26.Kh1 Re8 27.fxe5 Bxe5 28.d6 Qd8 29.d7 Re7
30.Bxe5 Rxe5  1-0

[Event "ch-FRA Top 16 Poule Haute"]
[Site "Port Barcares FRA"]
[Date "2005.05.06"]
[Round "10"]
[White "Lautier,J"]
[Black "Sharif,Me"]
[Result "1-0"]
[WhiteElo "2678"]
[BlackElo "2463"]

1.d4 e6 2.c4 d5 3.Nc3 Be7 4.Nf3 Nf6 5.Bf4 O-O 6.e3 b6 7.cxd5 Nxd5 8.Nxd5 Qxd5
9.Bd3 Ba6 10.O-O c5 11.e4 Qb7 12.d5 exd5 13.exd5 Nd7 14.Re1 Rfe8 15.Bxa6 Qxa6
16.d6 Bf6 17.Qd5 h6 18.Re4 Rad8 19.Rae1 Rxe4 20.Rxe4 Nf8 21.Bxh6 gxh6 22.Rg4+ Bg7
23.Ne5 Ne6 24.Nxf7 Qe2 25.Nxh6+ Kh7 26.Re4 Rxd6 27.Qf5+ Kh8 28.Nf7+ Kg8 29.h4 Qd1+
30.Kh2 Rd7 31.Nh6+ Bxh6 32.Qxe6+ Kh7 33.Qf5+  1-0

[Event "62nd ch-GEO w"]
[Site "Tblisi GEO"]
[Date "2005.05.06"]
[Round "2"]
[White "Dzagnidze,N"]
[Black "Khurtsidze,N"]
[Result "1/2-1/2"]
[WhiteElo "2482"]
[BlackElo "2418"]

1.Nf3 d5 2.c4 e6 3.d4 Nf6 4.Nc3 Be7 5.Bf4 O-O 6.e3 c5 7.dxc5 Bxc5 8.cxd5 Nxd5
9.Nxd5 exd5 10.Bd3 Bb4+ 11.Kf1 Nc6 12.h4 Bd6 13.Bxd6 Qxd6 14.h5 h6 15.Rh4 Ne5
16.Nd4 Bd7 17.Qe2 Rfe8 18.Rd1 Nxd3 19.Qxd3 Qf6 20.g3 Re7 21.Kg2 Rae8 22.Rf4 Qg5
23.Rh1 Re4 24.Qb3 Rxf4 25.exf4 Qf6 26.Rd1 Bc6 27.f3 Qe7 28.g4 Qc5 29.Kg3 a5
30.Qd3 Ba4 31.b3 Bd7 32.Kf2 Qa3 33.Qd2 a4 34.Rc1 Qe7 35.Kg3 Qd6 36.Re1 Ra8
37.Re5 axb3 38.axb3 Ra1 39.Nc2 Rg1+ 40.Kf2 Qb6+ 41.Qd4 Qxd4+ 42.Nxd4 Rb1
43.Rxd5 Bc6 44.Rd8+ Kh7 45.f5 Rc1 46.Ke3 Re1+ 47.Kd3 Rd1+ 48.Ke2 Rb1 49.Nxc6 bxc6
50.Rd3 Rb2+ 51.Ke3 Rc2 52.Kd4 c5+ 53.Kd5 Kg8 54.Re3 Kf8 55.Kc6 Rc1 56.Kb5 Rc2
57.Ka4 Ra2+ 58.Kb5 Rc2 59.Kc6 Rc1 60.Kd5 Rc2 61.f4 Rc1 62.g5 hxg5 63.fxg5 Rf1
64.Ke5 Rh1 65.Rc3 Rxh5 66.Rxc5 Rxg5 67.Rc8+ Ke7 68.Rc7+ Kd8 69.Ra7 Kc8 70.Rxf7 g6
71.Rf8+ Kc7 72.Rf7+ Kc8 73.Kd6 Rxf5 74.Rg7 Rf6+ 75.Kc5 Kb8 76.b4 Rf5+ 77.Kb6 Rf6+
78.Ka5 Rf5+ 79.b5 Rf6 80.Rg8+ Kb7 81.Re8 Rd6 82.Re7+ Kb8 83.Rg7 Rf6 84.b6 Rf1  1/2-1/2

[Event "23rd Liechtenstein Open"]
[Site "Triesen LIE"]
[Date "2005.05.07"]
[Round "9"]
[White "Horvath,Cs1"]
[Black "Senff,M"]
[Result "1/2-1/2"]
[WhiteElo "2545"]
[BlackElo "2430"]

1.d4 d5 2.c4 e6 3.Nc3 Be7 4.Nf3 Nf6 5.Bf4 O-O 6.Qc2 dxc4 7.e4 Nc6 8.Rd1 Nb4
9.Qb1 Nd3+ 10.Bxd3 cxd3 11.O-O b6 12.Qxd3 Bb7 13.Rfe1 a6 14.a3 Re8 15.Ne5 Rc8
16.Qf3 Rf8 17.d5 exd5 18.exd5 Re8 19.Nc6 Qd7 20.Bg5 Bf8 21.Bxf6 gxf6 22.Ne4 Bg7
23.Ng3 Rxe1+ 24.Rxe1 Re8 25.Rd1 f5 26.b4 Bc8 27.h3 b5 28.Nh5 Qd6 29.Nxg7 Kxg7
30.g3 Re4 31.Qc3+ Qf6 32.Qc2 Rc4 33.Qe2 f4 34.Rd3 Bf5 35.Rd1  1/2-1/2

[Event "Torch Real Estate Cup"]
[Site "Wuxi CHN"]
[Date "2005.05.08"]
[Round "7"]
[White "Ye Rongguang"]
[Black "Liang Jinrong"]
[Result "1/2-1/2"]
[WhiteElo "2472"]
[BlackElo "2467"]

1.c4 e6 2.Nc3 d5 3.d4 Be7 4.Nf3 Nf6 5.Bf4 O-O 6.e3 c5 7.dxc5 Bxc5 8.Rc1 Nc6
9.cxd5 exd5 10.Be2 d4 11.exd4 Nxd4 12.Nxd4 Qxd4 13.Qxd4 Bxd4 14.Nb5 Bb6 15.O-O Bg4
16.Bxg4 Nxg4 17.Nd6 Rfd8 18.h3 g5 19.Bxg5 Rxd6 20.hxg4 Rg6 21.Bf4 Rxg4 22.g3 Rg6
23.Rfe1 Re6 24.Rxe6 fxe6 25.Kf1 Rd8 26.Ke2 Rd5 27.Rc8+ Rd8 28.Rc4 Rd4 29.Rc3 Kf7
30.Bc7 Rb4 31.b3 Kg6 32.Bxb6 Rxb6 33.Rc7 Ra6 34.Rxb7 Rxa2+ 35.Ke3 a5 36.Rb5 a4
37.bxa4 Rxa4 38.Rb6 Kf6 39.Rb7 h6 40.Rh7 Kg6 41.Rd7 Kf6 42.Rd4 Ra7 43.Ke4 h5
44.Rc4 Ra2 45.Kf3 Ra3+ 46.Kg2 e5 47.Rc8 Ra2 48.Rf8+ Kg5 49.Rg8+ Kf6 50.Rf8+ Kg5
51.Kf3 Ra4 52.Rg8+ Kf5 53.Rh8 Kg5 54.Re8 Kf5 55.Kg2 h4 56.gxh4  1/2-1/2

[Event "ch-LTU"]
[Site "Siauliai LTU"]
[Date "2005.05.10"]
[Round "5"]
[White "Zagorskis,D"]
[Black "Dambrauskas,V"]
[Result "1-0"]
[WhiteElo "2482"]
[BlackElo "2318"]

1.d4 d5 2.c4 e6 3.Nf3 Nf6 4.Nc3 Be7 5.Bf4 O-O 6.e3 Nbd7 7.c5 Nh5 8.Bd3 Nxf4
9.exf4 c6 10.O-O b5 11.Qc2 g6 12.Rfe1 Qc7 13.g3 Re8 14.h4 Nf6 15.Kg2 Nh5
16.Ne5 f5 17.Nxc6 Bxh4 18.Ne5 Bd8 19.Nxb5 Qg7 20.Nd6 Rf8 21.Qa4 Bc7 22.Qc6 Rb8
23.Nxc8 Rbxc8 24.Qxe6+ Kh8 25.Qxd5 Rcd8 26.Qc4 Nf6 27.Rh1 Nd5 28.Be2 g5 29.Bf3 Ne7
30.fxg5 Bxe5 31.dxe5 Ng6 32.Rxh7+ Qxh7 33.Rh1 Qxh1+ 34.Kxh1 Nxe5 35.Qc3 Rfe8
36.Be2 Kh7 37.b4 Kg6 38.c6 Re7 39.f4  1-0

[Event "Torch Real Estate Cup"]
[Site "Wuxi CHN"]
[Date "2005.05.12"]
[Round "11"]
[White "Skripchenko,A"]
[Black "Qin Kanying"]
[Result "1/2-1/2"]
[WhiteElo "2453"]
[BlackElo "2472"]

1.Nf3 d5 2.d4 Nf6 3.c4 e6 4.Nc3 Be7 5.Bf4 O-O 6.e3 c5 7.dxc5 Bxc5 8.cxd5 Nxd5
9.Nxd5 exd5 10.Bd3 Bb4+ 11.Kf1 Nc6 12.Qc2 h6 13.Rd1 Be6 14.Bf5 Qf6 15.Bxe6 fxe6
16.a3 Be7 17.Bg3 Rad8 18.b4 a6 19.Ke2 e5 20.Qb3 e4 21.Nd2 Kh8 22.Rhf1 Qg6
23.Qb1 Bd6 24.Nb3 Qh5+ 25.Ke1 Ne5 26.Nc1 Nc4 27.Qb3 b5 28.Ne2 Be5 29.Nd4 Bxd4
30.Rxd4 Rfe8 31.f4 exf3 32.Rxf3 Rxe3+ 33.Rxe3 Nxe3 34.Kf2 Re8 35.Qd3 Qf7+
36.Kg1 Qf6 37.h3 Qg5 38.Kh2 Re4 39.Rxe4 dxe4 40.Qe2 Nf5 41.Be5 e3 42.Qf3 Nh4
43.Qa8+ Kh7 44.Qe4+ Kh8 45.Qa8+ Kh7 46.Qe4+ Ng6 47.Bd6 Qd8 48.Bc5 Qc7+ 49.Kg1 Qe5
50.Qxe3 Qxe3+ 51.Bxe3 Ne5 52.Kf2 Kg6 53.g4 h5 54.gxh5+ Kxh5 55.Bd4 Nc4 56.Bxg7 Nxa3
57.Bf8 Nc4 58.Kg3  1/2-1/2

[Event "Torch Real Estate Cup"]
[Site "Wuxi CHN"]
[Date "2005.05.13"]
[Round "12"]
[White "Zhou Jianchao"]
[Black "Liang Jinrong"]
[Result "1/2-1/2"]
[WhiteElo "2473"]
[BlackElo "2467"]

1.d4 d5 2.c4 e6 3.Nc3 Be7 4.Nf3 Nf6 5.Bf4 O-O 6.e3 c5 7.dxc5 Bxc5 8.Qc2 Nc6
9.Rd1 Qa5 10.Be2 Be7 11.O-O dxc4 12.Bxc4 Bd7 13.e4 Rfd8 14.Qe2 Be8 15.e5 Nd7
16.Bb5 Nf8 17.Bd3 Nb4 18.Bb1 Rxd1 19.Rxd1 Rd8 20.a3 Nd5 21.Nxd5 Rxd5 22.Rxd5 Qxd5
23.Be4 Qa2 24.Qc2 Ba4 25.Qc1 Qb3 26.h4 Bd7 27.Be3 b6 28.h5 Qa4 29.Bd4 h6
30.Kh2 Bc5 31.Qe3 Qc4 32.Bxc5 Qxc5 33.Qxc5 bxc5 34.Nd2 Ba4 35.f4 Bd1 36.Bd3 Nd7
37.Bb5 Nb6 38.Ne4 c4 39.Nd6 Bxh5 40.a4 Be2 41.Kg3 a5 42.Nb7 c3 43.bxc3 Bxb5
44.axb5 a4 45.Nc5 a3 46.Nb3 a2 47.Kf3 f6 48.Ke4 Kf7 49.Kd4 Ke7 50.Kc5 Nd7+
51.Kb4  1/2-1/2

[Event "Torch Real Estate Cup"]
[Site "Wuxi CHN"]
[Date "2005.05.14"]
[Round "13"]
[White "Xu Hanbing"]
[Black "Wu Wenjin"]
[Result "0-1"]
[WhiteElo "2290"]
[BlackElo "2535"]

1.d4 e6 2.c4 Nf6 3.Nc3 d5 4.Nf3 Be7 5.Bf4 O-O 6.e3 b6 7.Rc1 Bb7 8.cxd5 Nxd5
9.Nxd5 Qxd5 10.a3 Bd6 11.Bxd6 cxd6 12.Bd3 Nc6 13.O-O Rfc8 14.Qe2 Ne7 15.Ba6 h6
16.Bxb7 Qxb7 17.Nd2 Nf5 18.Qd3 d5 19.a4 Rc7 20.Rxc7 Qxc7 21.g3 Rc8 22.Nf3 Nd6
23.Ne5 a5 24.Qa3 Nc4 25.Nxc4 Qxc4 26.h4 Qb4 27.Qxb4 axb4 28.Ra1 h5 29.a5 bxa5
30.Rxa5 Rc2 31.b3 Rc3 32.Rb5 Rxb3 33.Rb7 Rb2 34.Kg2 b3 35.Kf3 Kf8 36.Kg2 f6
37.Kf3 g5 38.g4 hxg4+ 39.Kxg4 gxh4 40.Kxh4 Rxf2 41.Rxb3 Rg2 42.Kh3 Rg1 43.Kh2 Rg5
44.Rb7 Rg7 45.Rb8+ Kf7 46.Rb7+ Kg6 47.Rxg7+ Kxg7 48.Kg3 Kg6 49.Kg4 e5 50.dxe5 fxe5
51.Kf3 Kh5 52.Kg3 Kg5 53.Kf3 Kh4 54.Kg2 Kg4 55.Kf2 Kh3 56.Kf3 Kh2  0-1

[Event "55th ch-HUN"]
[Site "Kazincbarcika HUN"]
[Date "2005.05.16"]
[Round "7"]
[White "Gyimesi,Z"]
[Black "Portisch,L"]
[Result "1-0"]
[WhiteElo "2595"]
[BlackElo "2525"]

1.d4 d5 2.c4 e6 3.Nc3 Be7 4.Nf3 Nf6 5.Bf4 O-O 6.e3 Nbd7 7.cxd5 Nxd5 8.Nxd5 exd5
9.a3 c5 10.dxc5 Nxc5 11.Be5 Bf6 12.Be2 Bxe5 13.Nxe5 Re8 14.Nf3 Qb6 15.Rc1 Ne4
16.Qd4 Qg6 17.O-O Bh3 18.Ne1 Rad8 19.Kh1 Bf5 20.Nf3 a6 21.Nh4 Qg5 22.Nxf5 Qxf5
23.Kg1 Rc8 24.Bf3 Nf6 25.h3 h6 26.b4 Qe6 27.Rfd1 Rxc1 28.Rxc1 Re7 29.Rc5 Rd7
30.a4 Ne4 31.Rc8+ Kh7 32.Rc1 Ng5 33.Be2 f5 34.Bd3 Ne4 35.g3 Rf7 36.Kg2 h5
37.h4 Re7 38.b5 axb5 39.axb5 Qd6 40.b6 Kg6 41.Rc8 Nf6 42.Rc2 Ne4 43.Rc1 Nf6
44.Rc8 Ne4 45.Rc7 Rxc7 46.bxc7 Qxc7 47.Qxd5 Qc6 48.Bxe4 fxe4 49.Qg5+ Kh7
50.Qxh5+ Kg8 51.Qe5 b5 52.g4 Qb7 53.g5 g6 54.Qd6 Qf7 55.Kf1 Qf5 56.Ke1 Kg7
57.Qe7+ Kg8 58.Qd8+ Kg7 59.Qd4+ Kg8 60.Kd1 Kf7 61.Qa7+ Kg8 62.Qb8+ Kg7 63.Qc7+ Kg8
64.Qd8+ Kg7 65.Qe7+ Kg8 66.Kc1 Qd5 67.Kb2 Qd2+ 68.Kb3 Qd5+ 69.Kb4 Qc4+ 70.Ka5 Qa4+
71.Kb6 Qc4 72.Qe8+ Kg7 73.Qxb5 Qc2 74.Qe5+ Kg8 75.Qb8+  1-0

[Event "Open"]
[Site "Znojmo CZE"]
[Date "2005.05.16"]
[Round "3"]
[White "Bukal,V jr"]
[Black "Lacina,A"]
[Result "1/2-1/2"]
[WhiteElo "2405"]
[BlackElo "2284"]

1.d4 Nf6 2.c4 e6 3.Nf3 d5 4.Nc3 Be7 5.Bf4 c6 6.e3 Nbd7 7.a3 O-O 8.Qc2 Re8
9.Rd1 Qa5 10.Bd3 dxc4 11.Bxc4 Nd5 12.O-O Nxf4 13.exf4 Qh5 14.Rfe1 Qh6 15.g3 Nb6
16.Ba2 Bd7 17.Ne5 Rad8 18.f5 Bc8 19.Ng4 Qh3 20.fxe6 Bxe6 21.Rxe6 fxe6 22.Bxe6+ Kh8
23.Ne4 Qh5 24.Ne5 Rf8 25.Qb3 Rxd4 26.Nf7+ Rxf7 27.Rxd4 Rf8 28.Rd3  1/2-1/2

[Event "48th TCh-SCG"]
[Site "Herceg Novi SCG"]
[Date "2005.05.18"]
[Round "4"]
[White "Zmijanac,D"]
[Black "Mitrovic,P"]
[Result "1/2-1/2"]
[WhiteElo "2265"]
[BlackElo "2390"]

1.d4 d5 2.c4 e6 3.Nc3 Be7 4.Nf3 Nf6 5.Bf4 O-O 6.e3 c5 7.dxc5 Bxc5 8.Qc2 Nc6
9.a3 Qa5 10.Ra2 Be7 11.b4 Qd8 12.Qb3 dxc4 13.Bxc4 a6 14.Rd2 Qe8 15.O-O b5
16.Be2 Bb7 17.Rfd1 Rd8 18.h3 Rxd2 19.Rxd2 Qa8 20.Bg5 Rd8 21.Qd1 Rxd2 22.Qxd2 Qd8  1/2-1/2